| Tag |
First Indicator |
Second Indicator |
Subfields |
| LEADER |
00000cam a2200000Mi 4500 |
| 001 |
in00005653003 |
| 006 |
m o d |
| 007 |
cr ||||||||||| |
| 008 |
150330t20082008mau ob 001 0 eng d |
| 005 |
20250728184626.4 |
| 035 |
|
|
|a (OCoLC)on1202481619
|
| 040 |
|
|
|a SFB
|b eng
|e rda
|e pn
|c SFB
|d OCLCO
|d OCLCF
|d OCLCO
|d OCLCQ
|d OCLCO
|d OCLCQ
|d OCLCL
|
| 020 |
|
|
|a 0429065221
|
| 020 |
|
|
|a 9780429065224
|
| 020 |
|
|
|a 1439865035
|
| 020 |
|
|
|a 9781439865033
|
| 035 |
|
|
|a (OCoLC)1202481619
|
| 050 |
|
4 |
|a SF449.C34
|b .G68 2008
|
| 082 |
0 |
4 |
|a 636.8/22
|a 636.822
|
| 049 |
|
|
|a TXAM
|
| 100 |
1 |
|
|a Gould, Laura L.
|q (Laura Lehmer),
|e author.
|1 https://id.oclc.org/worldcat/entity/E39PCjBQ979pQyvKrpwQTxbQtq
|
| 245 |
1 |
0 |
|a Cats are not peas :
|b a calico history of genetics /
|c Laura Gould.
|
| 250 |
|
|
|a 2nd ed.
|
| 264 |
|
1 |
|a Wellesley, Massachusetts :
|b A K Peters, Limited,
|c 2008.
|
| 264 |
|
4 |
|c ©2008
|
| 300 |
|
|
|a 1 online resource (302 pages)
|
| 336 |
|
|
|a text
|b txt
|2 rdacontent
|
| 337 |
|
|
|a computer
|b c
|2 rdamedia
|
| 338 |
|
|
|a online resource
|b cr
|2 rdacarrier
|
| 500 |
|
|
|a Description based upon print version of record.
|
| 505 |
0 |
|
|a Front Cover; Table of Contents; Preface to the Second Edition; Preface to the First Edition; Acknowledgments; 1. In the Beginning, There Was George...; 2. How Do You Get a George?; 3. George's Ancient Ancestry; 4. Ancient Theories of Sex; 5. The Genesis of Genetics; 6. What Did They See and When Did They See It?; 7. The Early Calico Papers; 8. Twentieth-Century Theories of Sex; 9. The Late Calico Papers; 10. The Cat Is Out of the Bag; Afterword; Addendum: Genetics Marches On; Informal Glossary; Dateline; References; Question Index; Back Cover
|
| 520 |
|
|
|a The Vets Turn Pale. . . George, a male calico, was a genetic anomaly, a manifestation of something that isn't supposed to happen, a creature so rare that even most veterinarians have never seen one. His curious existence sparked Laura Gould's long search through the archives of genetics to unearth the charming and valiant roles played by early cat geneticists, as well as cats themselves, in the study of genes and how they work. For everyone with an interest in cats and cat breeding, this is an unforgettable and often hilarious account of the intersecting lives of cats and geneticists. The fie.
|
| 546 |
|
|
|a English.
|
| 504 |
|
|
|a Includes bibliographical references and index.
|
| 588 |
|
|
|a Description based on print version record.
|
| 650 |
|
0 |
|a Calico cats.
|
| 650 |
|
0 |
|a Cats
|x Genetics.
|
| 650 |
|
0 |
|a Calico cats
|v Anecdotes.
|
| 650 |
|
6 |
|a Chats calico.
|
| 650 |
|
6 |
|a Chats calico
|v Anecdotes.
|
| 650 |
|
7 |
|a Calico cats
|2 fast
|
| 650 |
|
7 |
|a Cats
|x Genetics
|2 fast
|
| 655 |
|
7 |
|a Electronic books.
|2 local
|
| 655 |
|
7 |
|a Anecdotes
|2 fast
|
| 710 |
2 |
|
|a Taylor & Francis.
|
| 758 |
|
|
|i has work:
|a Cats are not peas (Text)
|1 https://id.oclc.org/worldcat/entity/E39PCFtyyRwb6GHHdXgvxhDYHd
|4 https://id.oclc.org/worldcat/ontology/hasWork
|
| 776 |
1 |
|
|z 1-336-10005-2
|
| 776 |
1 |
|
|z 1-56881-320-1
|
| 856 |
4 |
0 |
|u http://proxy.library.tamu.edu/login?url=https://www.taylorfrancis.com/books/9780429065224
|z Connect to the full text of this electronic book
|t 0
|
| 955 |
|
|
|a Taylor and Francis MATHnetBASE
|
| 994 |
|
|
|a 92
|b TXA
|
| 999 |
f |
f |
|s 442f5384-e5f3-4889-9dbc-5fa95c5ff710
|i b351cdf3-6988-426e-897d-c76f8e43d2b9
|t 0
|
| 952 |
f |
f |
|a Texas A&M University
|b College Station
|c Electronic Resources
|d Available Online
|t 0
|e SF449.C34 .G68 2008
|h Library of Congress classification
|
| 998 |
f |
f |
|a SF449.C34 .G68 2008
|t 0
|l Available Online
|